Fungi Trealise Vol Ii The Fungal Organism By Construction J A Books For (Record no. 30607)

MARC details
000 -LEADER
fixed length control field 00438nam a2200133Ia 4500
008 - FIXED-LENGTH DATA ELEMENTS--GENERAL INFORMATION
fixed length control field 211109s9999||||xx |||||||||||||| ||und||
082 ## - DEWEY DECIMAL CLASSIFICATION NUMBER
Classification number 561.92
Item number AIN-F
100 ## - MAIN ENTRY--PERSONAL NAME
Personal name Ainsworth G C Sussmon Alford S,
245 #0 - TITLE STATEMENT
Title Fungi Trealise Vol Ii The Fungal Organism By Construction J A Books For
260 ## - PUBLICATION, DISTRIBUTION, ETC.
Name of publisher, distributor, etc. INDIA BOOK HOUSE
Place of publication, distribution, etc. MADRAS
Date of publication, distribution, etc. 1966
630 ## - SUBJECT ADDED ENTRY--UNIFORM TITLE
General subdivision General Stack
650 ## - SUBJECT ADDED ENTRY--TOPICAL TERM
Topical term or geographic name entry element Paleontology
942 ## - ADDED ENTRY ELEMENTS (KOHA)
Koha item type BOOK
650 ## - SUBJECT ADDED ENTRY--TOPICAL TERM
Form subdivision PaleozoologyPaleobotany
General subdivision Generalia
Holdings
Withdrawn status Lost status Damaged status Not for loan Home library Current library Date acquired Total Checkouts Full call number Barcode Shelving location Date last seen Price effective from Koha item type
        SB LIBRARY SB LIBRARY 09/11/2021   561.92 AIN-F 00031539 GENERAL STACK 09/11/2021 09/11/2021 BOOK

Powered by Koha